LEADER 04612nam 2200745 450 001 9910170977603321 005 20210311111955.0 010 $a1-350-22075-2 010 $a1-84813-705-2 010 $a1-84813-147-X 010 $a1-281-21603-8 010 $a9786611216030 024 7 $a10.5040/9781350220751 035 $a(CKB)1000000000398538 035 $a(EBL)332937 035 $a(OCoLC)476136946 035 $a(SSID)ssj0000178399 035 $a(PQKBManifestationID)11167392 035 $a(PQKBTitleCode)TC0000178399 035 $a(PQKBWorkID)10229410 035 $a(PQKB)11266772 035 $a(MiAaPQ)EBC332937 035 $a(MiAaPQ)EBC4708601 035 $a(OCoLC)314411051 035 $a(CaBNVSL)9781350220751 035 $a(EXLCZ)991000000000398538 100 $a20210311h20212005 uy 0 101 0 $aeng 135 $aur|n|---||||| 181 $ctxt 182 $cc 183 $acr 200 00$aIndigenous peoples and poverty $ean international perspective /$fedited by Robyn Eversole, John-Andrew McNeish, Alberto D. Cimadamore 210 1$aLondon, England :$cZed Books,$d2005. 210 2$a[London, England] :$cBloomsbury Publishing,$d2021 215 $a1 online resource (321 p.) 225 1 $aCROP international studies in poverty research 300 $aIncludes index. 311 $a1-84277-679-7 311 $a1-84277-678-9 320 $aIncludes bibliographical references and index. 327 $aIntroduction: Indigenous peoples and poverty / John-Andrew McNeish and Robyn Eversole -- INDIGENOUS POVERTY: Overview: Patterns of indigenous disadvantage worldwide / Robyn Eversole -- The conditions of life and health for indigenous women in areas of high marginalization, Chiapas, Mexico / Hector Javier Sanchez-Perez, Guadalupe Vargas Morales and Josep Maria Jansa -- Scarred landscapes and tattooed faces: poverty, identity and land conflicts in a Taiwanese indigenous community / Scott Simon -- Nutritional vulnerability in indigenous children of the Americas: a human rights issue / Siri Damman -- INDIGENOUS PEOPLE IN NATION-STATES: RIGHTS, CITIZENSHIP AND SELF-DETERMINATION: Overview: The right to self-determination / John-Andrew McNeish and Robyn Eversole -- Poverty and international aid among Russia's indigenous peoples / Indra Overland -- Indigenous poeples of South-East Asia: poverty, identity and resistance / Don McCaskill and Jeff Rutherford -- Tackling indigenous disadvantage in the Twenty-First Century: 'social inclusion' and Maori in New Zealand -- Political participation and poverty in Colombian indigenous communities: the case of the Zenu and Mokana peoples / A. Carolina Borda and Dario J. Mejia Montalvo -- Indigenous peoples, poverty and self-determination in Australia, New Zealand, Canada and the United States / Stephen Cornell -- INDIGENOUS PEOPLES' PERSPECTIVES ON DEVELOPMENT: Overview: Indigenous peoples' perspective on poverty and development / John-Andrew McNeish -- Ecological wealth versus social poverty: contradictions of and perspectives on indigenous development in Central American and Mexico / Pablo Alarcon-Chaires -- Indigenous anti-poverty strategies in an Australian town / Robyn Eversole, Leon Ridgeway, and David Mercer -- Sami responses to poverty in the Nordic countries / Christian Jakob Burmeister Hicks and Ande Somby -- Conclusions: Poverty, peoples and the meaning of change / John-Andrew McNeish and Robyn Eversole. 330 $aThis book brings together two key concerns in development policy: the urgent need for poverty reduction and the situation of indigenous peoples in both developing and industrialized countries. It analyzes patterns of indigenous disadvantage worldwide and explores some difficult questions, including the right balance between autonomy and participation. 410 0$aCROP international studies in poverty research. 606 $aIndigenous peoples$xEconomic conditions 606 $aPoverty 606 $aPoverty & unemployment$2bicssc 606 $aDevelopment studies$2bicssc 606 $aIndigenous peoples$2bicssc 615 0$aIndigenous peoples$xEconomic conditions. 615 0$aPoverty. 615 7$aPoverty & unemployment 615 7$aDevelopment studies 615 7$aIndigenous peoples 676 $a362.5089 702 $aEversole$b Robyn 702 $aMcNeish$b John-Andrew 702 $aCimadamore$b Alberto D. 801 0$bN 801 1$bCaBNVSL 801 2$bCaBNVSL 906 $aBOOK 912 $a9910170977603321 996 $aIndigenous peoples and poverty$92296761 997 $aUNINA LEADER 03018nam 2200517 450 001 9910554205303321 005 20230629233135.0 010 $a0-300-25873-9 024 7 $a10.12987/9780300258738 035 $a(CKB)5590000000467782 035 $a(DE-B1597)583166 035 $a(DE-B1597)9780300258738 035 $a(MiAaPQ)EBC6639449 035 $a(Au-PeEL)EBL6639449 035 $a(OCoLC)1250265800 035 $a(EXLCZ)995590000000467782 100 $a20220202d2021 uy 0 101 0 $aeng 135 $aur||#|||||||| 181 $ctxt$2rdacontent 182 $cc$2rdamedia 183 $acr$2rdacarrier 200 14$aThe voice catchers $ehow marketers listen in to exploit your feelings, your privacy, and your wallet /$fJoseph Turow 210 1$aNew Haven, Connecticut :$cYale University Press,$d[2021] 210 4$dİ2021 215 $a1 online resource (288 p.) 300 $aIncludes index. 311 $a0-300-24803-2 320 $aIncludes bibliographical references and index. 327 $tFrontmatter --$tCONTENTS --$tTHE VOICE CATCHERS --$tIntroduction: Here Comes the Voice Intelligence Industry --$t1 Rise of the Seductive Assistants --$t2 What Marketers See in Voice --$t3 An Operating System for Your Life --$t4 Voice Tech Conquers the Press --$t5 Advertisers Get Ready --$t6 Voice Profiling and Freedom --$tAcknowledgments --$tNotes --$tIndex 330 $aYour voice as biometric data, and how marketers are using it to manipulate you The first in-depth examination of the voice intelligence industry, this timely book exposes how artificial intelligence is enabling personalized marketing and discrimination through voice analysis. Amazon and Google have numerous patents around voice profiling, and their smart speakers already extract and use your voice prints for identification and more. Customer service centers are treating you differently from other callers based on what they conclude your voice reveals about your emotions, sentiments, and personality, often in real time. According to scientists, your weight, height, age, race, and illnesses can also be determined from the sound of your voice. Ultimately not only marketers?but also politicians and governments?may use voice profiling to infer characteristics about you to serve their interests, not yours or society?s. Leading communications scholar Joseph Turow places the voice intelligence industry in historical perspective and offers a clarion call for regulating this rising surveillance regime. 606 $aInteractive marketing 606 $aVoice 606 $aArtificial intelligence$xMarketing applications 615 0$aInteractive marketing. 615 0$aVoice. 615 0$aArtificial intelligence$xMarketing applications. 676 $a658.80028563 700 $aTurow$b Joseph$0801217 801 0$bMiAaPQ 801 1$bMiAaPQ 801 2$bMiAaPQ 906 $aBOOK 912 $a9910554205303321 996 $aThe voice catchers$92819987 997 $aUNINA